000 00854nam a22002897a 4500
001 BR9510538
003 BR-BrBNA
005 20230928094829.0
007 ta
008 230509b bl.||||| |||| 00| 0 por d
040 _aBR-BrBNA
_bpor
_cBiblioteca Nacional de Agricultura
041 _a(Por)
072 _aF70
_b1900
090 _ 1900 BR9510538
100 1 _aNascimento Junior, D. do
110 1 _aUniversidade Federal de Vicosa, MG (Brasil). Depto. de Zootecnia
_910993
245 1 _aInformacoes sobre algumas plantas forrageiras cultivadas no Brasil
260 3 _aVicosa, MG (Brasil):
_c1977.
300 _a95 p.
500 _aBibliography p. 70-75
650 _aPlanta Forrageira
650 _aTaxonomia Vegetal
650 _aAnatomia Vegetal
650 _aReproducao Vegetal
909 _a202309
_bLucia
_c55
_dLucia Elande
942 _cBK
999 _c52889
_d52889